European History & Geography Quiz #1 - Statistics

General Stats
  • This quiz has been taken 61 times
  • The average score is 7 of 10
Answer Stats
Question Answer % Correct
Smallest European Country? Vatican City
100%
Where are EU meetings held? Brussels, Belgium
82%
Where was Archduke Franz Ferdinand Assassinated? Sarajevo, Bosnia & Herzegovina
73%
What's the capital of Malta? Valetta
73%
How many countries are in the EU? 27
64%
Most Densely Populated country in Europe? Monaco
64%
Most Populated country in Europe? Russia
64%
Biggest European country only in Europe? Ukraine
64%
When did Belarus break off from the Soviet Union? 1991
36%
What years Did Yugoslavia dissolve? 1991-1992
36%
No matching quizzes found
Score Distribution
Percent of People with Each Score
Percentile by Number Answered
Your Score History
You have not taken this quiz